Statistiques concernant Monster Hunter - Tous les jeux

Cliquez ici pour prendre le quiz!

Statistiques générales

  • Ce quiz a été pris 75 fois
  • Le résultat moyen est 12 sur 15

Statistiques - réponses

Date de sortieSortiPlateformeJeu% Correct
2005Playstation 2Monster Hunter
100%
2013Uniquement au JaponNintendo 3DSMonster Hunter 4
98%
2018Playstation 4 / XBOX / PCMonster Hunter World
96%
2021Nintendo Switch / PCMonster Hunter Rise
94%
2005Uniquement au JaponPlaystation 2 / WiiMonster Hunter G
90%
2006Uniquement au JaponPlaystation 2Monster Hunter 2
88%
2015Nintendo 3DSMonster Hunter 4 Ultimate
88%
2013Nintendo 3DS / Wii UMonster Hunter 3 Ultimate
85%
2006Playstation Portable (PSP)Monster Hunter Freedom
81%
2010WIIMonster Hunter Tri
77%
2009Playstation Portable (PSP)Monster Hunter Freedom Unite
71%
2016Nintendo 3DSMonster Hunter Generations
65%
2018Nintendo 3DS / Nintendo SwitchMonster Hunter Generations Ultimate
54%
2007Playstation Portable (PSP)Monster Hunter Freedom 2
46%
2010Uniquement au JaponPlaystation Portable (PSP)Monster Hunter Portable 3rd
42%

Distribution des résultats

Percentile par nombre de réponses

% des personnes avec chaque résultat

Votre développement - résultats

Vous n’avez pas pris ce quiz